M.O.M. - Master organizer of mayhem : simple solution to organize chaos and bring more joy into your home

Bibliographic Details
Main Author: Clover, Kristi
Format: Book
Published: Grand Rapids : Baker Publishing Group , 2019
Subjects:

MARC

LEADER 00000cam a2200000 7i4500
001 0000279727
005 20210226111631.0
020 |a 9780801094255 
090 0 0 |a 648.8   |b CLO 
100 1 |a Clover, Kristi 
245 1 0 |a M.O.M. - Master organizer of mayhem :   |b simple solution to organize chaos and bring more joy into your home   |c Kristi Clover 
260 |a Grand Rapids :   |b Baker Publishing Group ,   |c 2019 
300 |a 237p. ;   |c 22cm. 
650 0 |a Orderliness 
650 0 |a Storage in the home 
999 |a 00386466   |b BUKU   |c PINJAMAN   |e PERPUSTAKAAN KOMUNITI PETALING JAYA